WNBA QUIZ #2!!!!!! - Statistics

General Stats
  • This quiz has been taken 6 times
  • The average score is 13 of 16
Answer Stats
Picture Hint Answer % Correct
Las Vegas Aces A'ja Wilson
100%
Atlanta Dream Angel Reese
100%
Atlanta Dream Allisha Gray
83%
Las Vegas Aces Chelsea Gray
83%
Las Vegas Aces Chennedy Carter
83%
Golden State Valkyries Gabby Williams
83%
Las Vegas Aces Jackie Young
83%
Golden State Valkyries Kaitlyn Chen
83%
Chicago Sky Natasha Cloud
83%
Atlanta Dream Rhyne Howard
83%
Chicago Sky Rickea Jackson
83%
Chicago Sky Skylar Diggins
83%
Chicago Sky Gabriela Jaquez
67%
Golden State Valkyries Kayla Thornton
67%
Atlanta Dream Te-Hina Paopao
67%
Golden State Valkyries Veronica Burton
67%
No matching quizzes found
Score Distribution
Percent of People with Each Score
Percentile by Number Answered
Your Score History
You have not taken this quiz